Κατάλογος Βιβλιοθηκών Mediterranean College

A Manager's Complete Guide to Effective Information Systems / Α Questionnaire Approach (Record no. 1034)

MARC details
000 -LEADER
fixed length control field 02500cam a22002054a 4500
005 - ΗΜΕΡΟΜΗΝΙΑ ΚΑΙ ΩΡΑ ΤΕΛΕΥΤΑΙΑΣ ΕΝΗΜΕΡΩΣΗΣ
Πεδίο ελέγχου 20250605163955.0
008 - FIXED-LENGTH DATA ELEMENTS--GENERAL INFORMATION
Πεδίο ελέγχου σταθερού μήκους 250528s ||||||||||||||||||||||||d
035 ## - SYSTEM CONTROL NUMBER
System control number 15454
020 ## - ISBN
ISBN 29330203
040 ## - ΠΗΓΗ ΚΑΤΑΛΟΓΟΓΡΑΦΗΣΗΣ
Φορέας πρωτότυπης καταλογογράφησης MC Athens Campus Library
Γλώσσα καταλογογράφησης Ελληνικά, Μοντέρνα (1453-)
Modifying agency MC Athens Campus Library
Κανόνες περιγραφικής καταλογογράφησης AACR2
245 1# - ΤΙΤΛΟΣ ΚΑΙ ΔΗΛΩΣΗ ΥΠΕΥΘΥΝΟΤΗΤΑΣ
Τίτλος A Manager's Complete Guide to Effective Information Systems / Α Questionnaire Approach
260 ## - PUBLICATION, DISTRIBUTION, ETC.
Name of publisher, distributor, etc. The Free Press,
Date of publication, distribution, etc. 1983
300 ## - PHYSICAL DESCRIPTION
Extent 296
505 0# - FORMATTED CONTENTS NOTE
Formatted contents note Preface, Introduction to the Complete Information Systems Questionnaire, The Relationship of the Information Systems Manager to the Complete Information Systems Questionnaire, General and Application Controls: Questionnaires 1 and 2, General Controls of Information Systems Questionnaire, Research on General and Application Controls: Questionnaires 1 and 2, Research on General Controls of Information Systems Questionnaire, Guidelines for Effective Management of the Complete Information Systems Organization, A Manager's Guidelines for Effective Information Systems Planning, A Manager's Guidelines for Effective Information System Organization, A Manager's Guidelines for Effective Direction of Information Systems Personnel, A Manager's Guidelines for Effective Control Over Information Systems Personnel and Operations, A Managerial Look at Effective Auditing Practices, A Manager's Approach to Effective Information Systems Auditing Practices, Appendixes, Bibliography, Index.
520 ## - SUMMARY, ETC.
Summary, etc. Preface, Introduction to the Complete Information Systems Questionnaire, The Relationship of the Information Systems Manager to the Complete Information Systems Questionnaire, General and Application Controls: Questionnaires 1 and 2, General Controls of Information Systems Questionnaire, Research on General and Application Controls: Questionnaires 1 and 2, Research on General Controls of Information Systems Questionnaire, Guidelines for Effective Management of the Complete Information Systems Organization, A Manager's Guidelines for Effective Information Systems Planning, A Manager's Guidelines for Effective Information System Organization, A Manager's Guidelines for Effective Direction of Information Systems Personnel, A Manager's Guidelines for Effective Control Over Information Systems Personnel and Operations, A Managerial Look at Effective Auditing Practices, A Manager's Approach to Effective Information Systems Auditing Practices, Appendixes, Bibliography, Index.
700 1# - ΠΡΟΣΘΕΤΗ ΑΝΑΓΡΑΦΗ--ΦΥΣΙΚΟ ΠΡΟΣΩΠΟ
Personal name Thierauf J. Robert
9 (RLIN) 1378
942 ## - ADDED ENTRY ELEMENTS (KOHA)
Koha item type Books
Holdings
Τύπος τεκμηρίου Βιβλιοθήκη Τρέχουσα τοποθεσία Barcode Αριθμός εισαγωγής Ημερομηνία απόκτησης Ταξιθετικό σύμβολο Αριθμός αντιτύπου Κατάσταση απόσυρσης Κατάσταση χαμένου Κατάσταση κατεστραμμένου Μη δανεισμός Σύνολο δανεισμών Ημερομηνία τελευταίας εμφάνισης Η τιμή ισχύει από
Books MC Athens Campus Library MC Athens Campus Library 9780000010339 1799 05/06/2025 658.4/03 THI 1           05/06/2025 05/06/2025

MC Athens Campus Library
Πατησίων 94 & Κοδριγκτώνος 13, 104 34
Πελλήνης 8 & Πατησίων 107, 112 51
Τ: +30 210 8899600

MC Thessaloniki Campus Library
Ίωνος Δραγούμη 21, 54625 | Ίωνος Δραγούμη 15, 54625
Τ: +30 2310 287779 – Τ: +30 2314 440300